[Event "Stay Safe Play From Home 413"]
[Site "Emanuel Lasker Arena"]
[Date "2020.08.26"]
[Round "3"]
[White "Fischer_11"]
[Black "Mepe_Nika"]
[Result "0-1"]
[WhiteElo "1874"]
[BlackElo "2309"]
[Annotator "NA"]
[PlyCount "104"]
[EventDate "2020.08.26"]
[EventType "swiss (blitz)"]

1. e4 {[%emt 0:00:21]} c6 {[%emt 0:00:01]} 2. d4 {[%emt 0:00:02]} d5 {[%emt 0:00:00]} 3. exd5 {[%emt 0:00:00]} cxd5 {[%emt 0:00:01]} 4. c4 {[%emt 0:00:00]} Nf6 {[%emt 0:00:01]} 5. Nc3 {[%emt 0:00:01]} g6 {[%emt 0:00:00]} 6. cxd5 {[%emt 0:00:02]} Nxd5 {[%emt 0:00:03]} 7. Nxd5 {[%emt 0:00:00]} Qxd5 {[%emt 0:00:01]} 8. Nf3 {[%emt 0:00:01]} Nc6 {[%emt 0:00:01]} 9. Be3 {[%emt 0:00:03]} Bg7 {[%emt 0:00:01]} 10. Be2 {[%emt 0:00:01]} O-O {[%emt 0:00:01]} 11. O-O {[%emt 0:00:02]} Rd8 {[%emt 0:00:01]} 12. a3 {[%emt 0:00:02]} Nxd4 {[%emt 0:00:04]} 13. Nxd4 {[%emt 0:00:04]} Bxd4 {[%emt 0:00:00]} 14. Bf3 {[%emt 0:00:06]} Qd6 {[%emt 0:00:03]} 15. Bxd4 {[%emt 0:00:04]} Qxd4 {[%emt 0:00:00]} 16. Qxd4 {[%emt 0:00:06]} Rxd4 {[%emt 0:00:00]} 17. Rfd1 {[%emt 0:00:01]} Rxd1+ {[%emt 0:00:02]} 18. Rxd1 {[%emt 0:00:02]} Bf5 {[%emt 0:00:01]} 19. b4 {[%emt 0:00:07]} Rb8 {[%emt 0:00:02]} 20. g4 {[%emt 0:00:02]} Be6 {[%emt 0:00:04]} 21. h3 {[%emt 0:00:02]} g5 {[%emt 0:00:01]} 22. Rc1 {[%emt 0:00:02]} Rc8 {[%emt 0:00:04]} 23. Rd1 {[%emt 0:00:06]} Kg7 {[%emt 0:00:03]} 24. a4 {[%emt 0:00:03]} Rc4 {[%emt 0:00:02]} 25. Rb1 {[%emt 0:00:03]} b6 {[%emt 0:00:02]} 26. Kg2 {[%emt 0:00:03]} Rc3 {[%emt 0:00:05]} 27. a5 {[%emt 0:00:01]} Rb3 {[%emt 0:00:18]} 28. Rxb3 {[%emt 0:00:07]} Bxb3 {[%emt 0:00:00]} 29. axb6 {[%emt 0:00:01]} axb6 {[%emt 0:00:00]} 30. Bc6 {[%emt 0:00:04]} Kf6 {[%emt 0:00:01]} 31. Kg3 {[%emt 0:00:01]} Ke5 {[%emt 0:00:01]} 32. h4 {[%emt 0:00:01]} h6 {[%emt 0:00:01]} 33. hxg5 {[%emt 0:00:01]} hxg5 {[%emt 0:00:00]} 34. Be8 {[%emt 0:00:05]} f6 {[%emt 0:00:01]} 35. Kf3 {[%emt 0:00:01]} Bd1+ {[%emt 0:00:02]} 36. Kg3 {[%emt 0:00:02]} Kd4 {[%emt 0:00:01]} 37. f4 {[%emt 0:00:01]} Kc4 {[%emt 0:00:05]} 38. fxg5 {[%emt 0:00:02]} fxg5 {[%emt 0:00:00]} 39. b5 {[%emt 0:00:04]} Ba4 {[%emt 0:00:01]} 40. Kf3 {[%emt 0:00:01]} Bxb5 {[%emt 0:00:01]} 41. Bxb5+ {[%emt 0:00:00]} Kxb5 {[%emt 0:00:00]} 42. Ke4 {[%emt 0:00:00]} Kc4 {[%emt 0:00:03]} 43. Kf5 {[%emt 0:00:00]} b5 {[%emt 0:00:01]} 44. Kxg5 {[%emt 0:00:00]} b4 {[%emt 0:00:00]} 45. Kh6 {[%emt 0:00:02]} b3 {[%emt 0:00:00]} 46. g5 {[%emt 0:00:00]} b2 {[%emt 0:00:00]} 47. g6 {[%emt 0:00:00]} b1=Q {[%emt 0:00:00]} 48. g7 {[%emt 0:00:00]} Kd4 {[%emt 0:00:09]} 49. g8=Q {[%emt 0:00:03]} Qh1+ {[%emt 0:00:01]} 50. Kg7 {[%emt 0:00:01]} Qg1+ {[%emt 0:00:00]} 51. Kf8 {[%emt 0:00:00]} Qxg8+ {[%emt 0:00:00]} 52. Kxg8 {[%emt 0:00:00]} e5 {[%emt 0:00:00] Fischer_11 gibt auf Fischer_11 gibt auf Fischer_11 gibt auf (Lag: Av=0.41s, max=1.1s) (Lag: Av=0.41s, max=1.1s) (Lag: Av=0.41s, max=1.1s)} 0-1

[Event "Stay Safe Play From Home 413"]
[Site "Emanuel Lasker Arena"]
[Date "2020.08.26"]
[Round "3"]
[White "Tvtower68"]
[Black "Padmaesh M K"]
[Result "1-0"]
[WhiteElo "1735"]
[BlackElo "1811"]
[Annotator "NA"]
[PlyCount "49"]
[EventDate "2020.08.26"]
[EventType "swiss (blitz)"]

1. e4 {[%emt 0:00:01]} c5 {[%emt 0:00:09]} 2. b4 {[%emt 0:00:02]} cxb4 {[%emt 0:00:02]} 3. a3 {[%emt 0:00:01]} bxa3 {[%emt 0:00:01]} 4. Nxa3 {[%emt 0:00:01]} e5 {[%emt 0:00:02]} 5. Nf3 {[%emt 0:00:04]} Nc6 {[%emt 0:00:01]} 6. Bb5 {[%emt 0:00:02]} Bd6 {[%emt 0:00:04]} 7. Nc4 {[%emt 0:00:10]} Qc7 {[%emt 0:00:02]} 8. Nxd6+ {[%emt 0:00:04]} Qxd6 {[%emt 0:00:00]} 9. Ba3 {[%emt 0:00:01]} Qf6 {[%emt 0:00:05]} 10. O-O {[%emt 0:00:10]} Nge7 {[%emt 0:00:02]} 11. Bb2 {[%emt 0:00:07]} O-O {[%emt 0:00:02]} 12. d4 {[%emt 0:00:01]} d6 {[%emt 0:00:01]} 13. dxe5 {[%emt 0:00:13]} dxe5 {[%emt 0:00:03]} 14. h3 {[%emt 0:00:01]} Qg6 {[%emt 0:00:06]} 15. Kh2 {[%emt 0:00:04]} Rd8 {[%emt 0:00:09]} 16. Qe1 {[%emt 0:00:09]} Qf6 {[%emt 0:00:15]} 17. Bd3 {[%emt 0:00:04]} Ng6 {[%emt 0:00:19]} 18. Bc3 {[%emt 0:00:07]} Nf4 {[%emt 0:00:05]} 19. Qe3 {[%emt 0:00:14]} Qh6 {[%emt 0:00:15]} 20. Nxe5 {[%emt 0:00:17]} Bxh3 {[%emt 0:00:04]} 21. gxh3 {[%emt 0:00:07]} Rxd3 {[%emt 0:00:22]} 22. cxd3 {[%emt 0:00:06]} Rd8 {[%emt 0:00:01]} 23. Qg3 {[%emt 0:00:14]} f6 {[%emt 0:00:06]} 24. Ng4 {[%emt 0:00:12]} Qg5 {[%emt 0:00:14]} 25. Nxf6+ {[%emt 0:00:04] Padmaesh M K resigns Padmaesh M K resigns Padmaesh M K resigns (Lag: Av=0.38s, max=0.9s) (Lag: Av=0.38s, max=0.9s) (Lag: Av=0.38s, max=0.9s)} 1-0

[Event "Stay Safe Play From Home 413"]
[Site "Emanuel Lasker Arena"]
[Date "2020.08.26"]
[Round "3"]
[White "Kongle"]
[Black "Andy416"]
[Result "0-1"]
[WhiteElo "1692"]
[BlackElo "2167"]
[Annotator "NA"]
[PlyCount "36"]
[EventDate "2020.08.26"]
[EventType "swiss (blitz)"]

1. d4 {[%emt 0:00:01]} d5 {[%emt 0:00:06]} 2. c4 {[%emt 0:00:01]} e6 {[%emt 0:00:03]} 3. Nc3 {[%emt 0:00:01]} Nf6 {[%emt 0:00:02]} 4. Bg5 {[%emt 0:00:02]} Bb4 {[%emt 0:00:04]} 5. e3 {[%emt 0:00:01]} O-O {[%emt 0:00:03]} 6. Nf3 {[%emt 0:00:01]} Nbd7 {[%emt 0:00:03]} 7. Bd3 {[%emt 0:00:01]} h6 {[%emt 0:00:04]} 8. Bh4 {[%emt 0:00:02]} dxc4 {[%emt 0:00:05]} 9. Bxc4 {[%emt 0:00:02]} a6 {[%emt 0:00:03]} 10. O-O {[%emt 0:00:02]} b6 {[%emt 0:00:03]} 11. Bd3 {[%emt 0:00:08]} Bb7 {[%emt 0:00:04]} 12. e4 {[%emt 0:00:06]} g5 {[%emt 0:00:08]} 13. e5 {[%emt 0:00:05]} Bxc3 {[%emt 0:00:08]} 14. exf6 {[%emt 0:00:03]} Bxb2 {[%emt 0:00:04]} 15. Nxg5 {[%emt 0:00:07]} Qxf6 {[%emt 0:00:05]} 16. Qh5 {[%emt 0:00:43]} Bxa1 {[%emt 0:00:08]} 17. Rxa1 {[%emt 0:00:33]} Qg7 {[%emt 0:00:11]} 18. Nh7 {[%emt 0:00:18]} Qxg2# {[%emt 0:00:09] Mate Mate Mate (Lag: Av=0.77s, max=1.2s) (Lag: Av=0.77s, max=1.2s) (Lag: Av=0.77s, max=1.2s)} 0-1

[Event "Stay Safe Play From Home 413"]
[Site "Emanuel Lasker Arena"]
[Date "2020.08.26"]
[Round "4"]
[White "Andy416"]
[Black "Patzeroglu"]
[Result "1-0"]
[WhiteElo "2169"]
[BlackElo "1974"]
[Annotator "NA"]
[PlyCount "22"]
[EventDate "2020.08.26"]
[EventType "swiss (blitz)"]

1. e4 {[%emt 0:00:06]} c5 {[%emt 0:00:01]} 2. Nf3 {[%emt 0:00:02]} Nf6 {[%emt 0:00:14]} 3. e5 {[%emt 0:00:05]} Nd5 {[%emt 0:00:02]} 4. c4 {[%emt 0:00:03]} Nb4 {[%emt 0:00:04]} 5. a3 {[%emt 0:00:03]} N4c6 {[%emt 0:00:12]} 6. b4 {[%emt 0:00:02]} d6 {[%emt 0:00:07]} 7. exd6 {[%emt 0:00:07]} exd6 {[%emt 0:00:31] Patzeroglu offers a draw Patzeroglu offers a draw Patzeroglu offers a draw} 8. Bb2 {[%emt 0:00:08]} Be7 {[%emt 0:00:06]} 9. Bxg7 {[%emt 0:00:09]} Bf6 {[%emt 0:00:01]} 10. Bxh8 {[%emt 0:00:08]} Bxh8 {[%emt 0:00:02]} 11. Nc3 {[%emt 0:00:03]} Ne5 {[%emt 0:00:10] Patzeroglu resigns Patzeroglu resigns Patzeroglu resigns} 1-0

[Event "Stay Safe Play From Home 413"]
[Site "Emanuel Lasker Arena"]
[Date "2020.08.26"]
[Round "4"]
[White "Hickey"]
[Black "Nguyen Hong Anh"]
[Result "0-1"]
[WhiteElo "2160"]
[BlackElo "2184"]
[PlyCount "108"]
[EventDate "2020.08.26"]
[EventType "swiss (blitz)"]

1. b3 {[%emt 0:00:03]} d5 {[%emt 0:00:02]} 2. Bb2 {[%emt 0:00:00]} c5 {[%emt 0:00:01]} 3. e3 {[%emt 0:00:01]} Nc6 {[%emt 0:00:00]} 4. Bb5 {[%emt 0:00:01]} Nf6 {[%emt 0:00:02]} 5. Nf3 {[%emt 0:00:01]} g6 {[%emt 0:00:01]} 6. c4 {[%emt 0:00:11]} dxc4 {[%emt 0:00:04]} 7. Bxc4 {[%emt 0:00:05]} Bg7 {[%emt 0:00:01]} 8. O-O {[%emt 0:00:01]} O-O {[%emt 0:00:01]} 9. Nc3 {[%emt 0:00:03]} a6 {[%emt 0:00:02]} 10. d4 {[%emt 0:00:07]} cxd4 {[%emt 0:00:02]} 11. exd4 {[%emt 0:00:01]} Bg4 {[%emt 0:00:02]} 12. h3 {[%emt 0:00:12]} Bf5 {[%emt 0:00:38]} 13. d5 {[%emt 0:00:08]} Na5 {[%emt 0:00:07]} 14. Nd4 {[%emt 0:00:10]} Nxc4 {[%emt 0:00:01]} 15. bxc4 {[%emt 0:00:03]} Bd7 {[%emt 0:00:01]} 16. Re1 {[%emt 0:00:03]} Rc8 {[%emt 0:00:01]} 17. Ba3 {[%emt 0:00:09]} Re8 {[%emt 0:00:02]} 18. Qb3 {[%emt 0:00:02]} b5 {[%emt 0:00:15]} 19. c5 {[%emt 0:00:06]} Ng4 {[%emt 0:00:29]} 20. Rad1 {[%emt 0:00:12]} Ne5 {[%emt 0:00:07]} 21. c6 {[%emt 0:00:22]} Bf5 {[%emt 0:00:02]} 22. Nxf5 {[%emt 0:00:00]} gxf5 {[%emt 0:00:02]} 23. Bc5 {[%emt 0:00:13]} Qa5 {[%emt 0:00:07]} 24. Bd4 {[%emt 0:00:04]} Nc4 {[%emt 0:00:07]} 25. Bxg7 {[%emt 0:00:00]} Kxg7 {[%emt 0:00:01]} 26. a4 {[%emt 0:00:05]} Nd6 {[%emt 0:00:05]} 27. axb5 {[%emt 0:00:04]} axb5 {[%emt 0:00:01]} 28. Re3 {[%emt 0:00:08]} b4 {[%emt 0:00:10]} 29. Rg3+ {[%emt 0:00:02]} Kh8 {[%emt 0:00:01]} 30. Ne2 {[%emt 0:00:06]} Ne4 {[%emt 0:00:05]} 31. Qb2+ {[%emt 0:00:07]} f6 {[%emt 0:00:02]} 32. Rf3 {[%emt 0:00:06]} Qa4 {[%emt 0:00:04]} 33. Rd4 {[%emt 0:00:05]} Ra8 {[%emt 0:00:08]} 34. Rxb4 {[%emt 0:00:13]} Qd1+ {[%emt 0:00:02]} 35. Kh2 {[%emt 0:00:02]} Ra1 {[%emt 0:00:02]} 36. Qxa1 {[%emt 0:00:34]} Qxa1 {[%emt 0:00:02]} 37. Ng3 {[%emt 0:00:14]} Nxg3 {[%emt 0:00:11]} 38. fxg3 {[%emt 0:00:00]} Qe5 {[%emt 0:00:02]} 39. Rb5 {[%emt 0:00:20]} Rd8 {[%emt 0:00:03]} 40. c7 {[%emt 0:00:04]} Qxc7 {[%emt 0:00:02]} 41. Rxf5 {[%emt 0:00:00]} Qd7 {[%emt 0:00:01]} 42. d6 {[%emt 0:00:01]} Qxd6 {[%emt 0:00:01]} 43. Rh5 {[%emt 0:00:01]} Kg7 {[%emt 0:00:03]} 44. Rh4 {[%emt 0:00:01]} Rb8 {[%emt 0:00:05]} 45. Rbh5 {[%emt 0:00:01]} Rh8 {[%emt 0:00:07]} 46. Rg4+ {[%emt 0:00:02]} Kf7 {[%emt 0:00:01]} 47. Ra5 {[%emt 0:00:00]} h5 {[%emt 0:00:02]} 48. Rh4 {[%emt 0:00:02]} e5 {[%emt 0:00:04]} 49. Ra7+ {[%emt 0:00:02]} Kg6 {[%emt 0:00:01]} 50. Ra5 {[%emt 0:00:02]} Rb8 {[%emt 0:00:05]} 51. Rha4 {[%emt 0:00:04]} Rb4 {[%emt 0:00:01]} 52. Ra6 {[%emt 0:00:01]} Qd4 {[%emt 0:00:02]} 53. Ra3 {[%emt 0:00:02]} Rb1 {[%emt 0:00:01]} 54. Rf3 {[%emt 0:00:01]} Qg1# {[%emt 0:00:01] (Lag: Av=1.27s, max=3.5s) (Lag: Av=1.27s, max=3.5s) (Lag: Av=1.27s, max=3.5s)} 0-1

[Event "Stay Safe Play From Home 413"]
[Site "Emanuel Lasker Arena"]
[Date "2020.08.26"]
[Round "4"]
[White "MihailoVujic"]
[Black "Tvtower68"]
[Result "1-0"]
[WhiteElo "2109"]
[BlackElo "1756"]
[Annotator "NA"]
[PlyCount "59"]
[EventDate "2020.08.26"]
[EventType "swiss (blitz)"]

1. e4 {[%emt 0:00:01]} Nf6 {[%emt 0:00:01]} 2. e5 {[%emt 0:00:01]} Nd5 {[%emt 0:00:01]} 3. c4 {[%emt 0:00:01]} Nb6 {[%emt 0:00:01]} 4. c5 {[%emt 0:00:01]} Nd5 {[%emt 0:00:01]} 5. Nc3 {[%emt 0:00:02]} e6 {[%emt 0:00:01]} 6. d4 {[%emt 0:00:01]} d6 {[%emt 0:00:01]} 7. cxd6 {[%emt 0:00:02]} cxd6 {[%emt 0:00:01]} 8. Nf3 {[%emt 0:00:01]} a6 {[%emt 0:00:02]} 9. Bd3 {[%emt 0:00:02]} b5 {[%emt 0:00:01]} 10. O-O {[%emt 0:00:02]} Nc6 {[%emt 0:00:01]} 11. Qe2 {[%emt 0:00:02]} Be7 {[%emt 0:00:02]} 12. Ne4 {[%emt 0:00:02]} Ndb4 {[%emt 0:00:09]} 13. Bb1 {[%emt 0:00:02]} dxe5 {[%emt 0:00:07]} 14. dxe5 {[%emt 0:00:00]} Nd5 {[%emt 0:00:16]} 15. Bg5 {[%emt 0:00:09]} h6 {[%emt 0:00:04]} 16. Bxe7 {[%emt 0:00:02]} Kxe7 {[%emt 0:00:01]} 17. Nd6 {[%emt 0:00:04]} Qb6 {[%emt 0:00:20]} 18. Be4 {[%emt 0:00:18]} Nf4 {[%emt 0:00:11]} 19. Qd2 {[%emt 0:00:02]} Nxe5 {[%emt 0:00:31]} 20. Nxe5 {[%emt 0:00:11]} Qxd6 {[%emt 0:00:11]} 21. Qxd6+ {[%emt 0:00:02]} Kxd6 {[%emt 0:00:01]} 22. Nxf7+ {[%emt 0:00:02]} Ke7 {[%emt 0:00:05]} 23. Nxh8 {[%emt 0:00:02]} Ra7 {[%emt 0:00:09]} 24. Ng6+ {[%emt 0:00:02]} Nxg6 {[%emt 0:00:03]} 25. Bxg6 {[%emt 0:00:00]} Kf6 {[%emt 0:00:01]} 26. Be4 {[%emt 0:00:01]} g5 {[%emt 0:00:04]} 27. Rac1 {[%emt 0:00:03]} Bd7 {[%emt 0:00:06]} 28. Rfd1 {[%emt 0:00:02]} e5 {[%emt 0:00:02]} 29. Rd6+ {[%emt 0:00:02]} Ke7 {[%emt 0:00:01]} 30. Rxh6 {[%emt 0:00:01] Tvtower68 resigns Tvtower68 resigns Tvtower68 resigns (Lag: Av=0.52s, max=1.0s) (Lag: Av=0.52s, max=1.0s) (Lag: Av=0.52s, max=1.0s)} 1-0

[Event "Stay Safe Play From Home 413"]
[Site "Emanuel Lasker Arena"]
[Date "2020.08.26"]
[Round "4"]
[White "ionelluca"]
[Black "Mepe_Nika"]
[Result "0-1"]
[WhiteElo "2050"]
[BlackElo "2311"]
[PlyCount "68"]
[EventDate "2020.08.26"]
[EventType "swiss (blitz)"]

1. c4 {[%emt 0:00:13]} c6 {[%emt 0:00:01]} 2. d3 {[%emt 0:00:04]} d5 {[%emt 0:00:00]} 3. Bd2 {[%emt 0:00:01]} Nf6 {[%emt 0:00:02]} 4. g3 {[%emt 0:00:01]} e5 {[%emt 0:00:01]} 5. Bg2 {[%emt 0:00:01]} Bd6 {[%emt 0:00:02]} 6. cxd5 {[%emt 0:00:12]} cxd5 {[%emt 0:00:01]} 7. Qb3 {[%emt 0:00:01]} O-O {[%emt 0:00:03]} 8. Nc3 {[%emt 0:00:02]} d4 {[%emt 0:00:04]} 9. Nb5 {[%emt 0:00:05]} Nc6 {[%emt 0:00:02]} 10. Nxd6 {[%emt 0:00:09]} Qxd6 {[%emt 0:00:00]} 11. Nf3 {[%emt 0:00:13]} Be6 {[%emt 0:00:01]} 12. Qa4 {[%emt 0:00:03]} Bd5 {[%emt 0:00:15]} 13. O-O {[%emt 0:00:04]} a6 {[%emt 0:00:02]} 14. a3 {[%emt 0:00:05]} h6 {[%emt 0:00:01]} 15. b4 {[%emt 0:00:02]} Rac8 {[%emt 0:00:02]} 16. Rac1 {[%emt 0:00:07]} Na7 {[%emt 0:00:12]} 17. Rc5 {[%emt 0:00:08]} Rxc5 {[%emt 0:00:15]} 18. bxc5 {[%emt 0:00:02]} Qe7 {[%emt 0:00:00]} 19. Qa5 {[%emt 0:00:23]} Rc8 {[%emt 0:00:07]} 20. Rc1 {[%emt 0:00:04]} Nb5 {[%emt 0:00:14]} 21. a4 {[%emt 0:00:08]} Nc7 {[%emt 0:00:07]} 22. Qb6 {[%emt 0:00:05]} Bc6 {[%emt 0:00:03]} 23. Ba5 {[%emt 0:00:13]} Ncd5 {[%emt 0:00:10]} 24. Qb3 {[%emt 0:00:16]} Nd7 {[%emt 0:00:15]} 25. Bb4 {[%emt 0:00:14]} Qe6 {[%emt 0:00:21]} 26. Nd2 {[%emt 0:00:09]} Nc3 {[%emt 0:00:22]} 27. Bxc3 {[%emt 0:00:07]} Qxb3 {[%emt 0:00:05]} 28. Nxb3 {[%emt 0:00:01]} dxc3 {[%emt 0:00:00]} 29. Rxc3 {[%emt 0:00:06]} Bxa4 {[%emt 0:00:12]} 30. Bxb7 {[%emt 0:00:02]} Rc7 {[%emt 0:00:00]} 31. c6 {[%emt 0:00:01]} Nb8 {[%emt 0:00:08]} 32. Nc5 {[%emt 0:00:09]} Bxc6 {[%emt 0:00:06]} 33. Bxa6 {[%emt 0:00:15]} Ra7 {[%emt 0:00:08]} 34. Bc4 {[%emt 0:00:07]} Ra1+ {[%emt 0:00:02] ionelluca resigns ionelluca resigns ionelluca resigns (Lag: Av=0.54s, max=0.9s) (Lag: Av=0.54s, max=0.9s) (Lag: Av=0.54s, max=0.9s)} 0-1

[Event "Stay Safe Play From Home 413"]
[Site "Emanuel Lasker Arena"]
[Date "2020.08.26"]
[Round "4"]
[White "Dukic"]
[Black "Kongle"]
[Result "1-0"]
[WhiteElo "1832"]
[BlackElo "1690"]
[Annotator "NA"]
[PlyCount "79"]
[EventDate "2020.08.26"]
[EventType "swiss (blitz)"]

1. d4 {[%emt 0:00:04]} Nf6 {[%emt 0:00:02]} 2. c4 {[%emt 0:00:05]} e6 {[%emt 0:00:02]} 3. Nc3 {[%emt 0:00:01]} d5 {[%emt 0:00:01]} 4. Nf3 {[%emt 0:00:02]} Bb4 {[%emt 0:00:02]} 5. Qb3 {[%emt 0:00:01]} c5 {[%emt 0:00:06]} 6. a3 {[%emt 0:00:03]} Bxc3+ {[%emt 0:00:02]} 7. bxc3 {[%emt 0:00:01]} O-O {[%emt 0:00:03]} 8. Bg5 {[%emt 0:00:04]} b6 {[%emt 0:00:09]} 9. cxd5 {[%emt 0:00:04]} exd5 {[%emt 0:00:03]} 10. e3 {[%emt 0:00:13]} c4 {[%emt 0:00:05]} 11. Qc2 {[%emt 0:00:03]} Be6 {[%emt 0:00:08]} 12. Nd2 {[%emt 0:00:07]} Nbd7 {[%emt 0:00:02]} 13. Be2 {[%emt 0:00:01]} b5 {[%emt 0:00:03]} 14. Bf3 {[%emt 0:00:02]} Qb6 {[%emt 0:00:05]} 15. O-O {[%emt 0:00:02]} g6 {[%emt 0:00:16]} 16. e4 {[%emt 0:00:08]} dxe4 {[%emt 0:00:03]} 17. Nxe4 {[%emt 0:00:01]} Nxe4 {[%emt 0:00:02]} 18. Bxe4 {[%emt 0:00:01]} Rab8 {[%emt 0:00:05]} 19. Rfb1 {[%emt 0:00:03]} a5 {[%emt 0:00:04]} 20. Be3 {[%emt 0:00:25]} Qa6 {[%emt 0:00:17]} 21. Bf4 {[%emt 0:00:03]} Rb6 {[%emt 0:00:06]} 22. Bc7 {[%emt 0:00:05]} Nf6 {[%emt 0:00:04]} 23. Bxb6 {[%emt 0:00:20]} Nxe4 {[%emt 0:00:03]} 24. Qxe4 {[%emt 0:00:32]} Qxb6 {[%emt 0:00:20]} 25. Qe5 {[%emt 0:00:03]} Rb8 {[%emt 0:00:14]} 26. Rb2 {[%emt 0:00:18]} Bf5 {[%emt 0:00:07]} 27. f3 {[%emt 0:00:15]} Bd3 {[%emt 0:00:20]} 28. Re1 {[%emt 0:00:02]} Bf5 {[%emt 0:00:24]} 29. Qe7 {[%emt 0:00:17]} h5 {[%emt 0:00:17]} 30. Re5 {[%emt 0:00:02]} Be6 {[%emt 0:00:04]} 31. Rexb5 {[%emt 0:00:05]} Qxb5 {[%emt 0:00:02]} 32. Rxb5 {[%emt 0:00:01]} Rxb5 {[%emt 0:00:01]} 33. Qe8+ {[%emt 0:00:01]} Kg7 {[%emt 0:00:02]} 34. Qxb5 {[%emt 0:00:00]} h4 {[%emt 0:00:07]} 35. Qxa5 {[%emt 0:00:01]} h3 {[%emt 0:00:01]} 36. Qe5+ {[%emt 0:00:01]} Kh7 {[%emt 0:00:02]} 37. d5 {[%emt 0:00:02]} Bf5 {[%emt 0:00:06]} 38. g4 {[%emt 0:00:01]} Bd3 {[%emt 0:00:03]} 39. d6 {[%emt 0:00:01]} Bc2 {[%emt 0:00:06]} 40. d7 {[%emt 0:00:01] Kongle resigns Kongle resigns Kongle resigns (Lag: Av=0.82s, max=3.6s) (Lag: Av=0.82s, max=3.6s) (Lag: Av=0.82s, max=3.6s)} 1-0

[Event "Stay Safe Play From Home 413"]
[Site "Emanuel Lasker Arena"]
[Date "2020.08.26"]
[Round "4"]
[White "Vinter"]
[Black "Padmaesh M K"]
[Result "0-1"]
[WhiteElo "1419"]
[BlackElo "1790"]
[Annotator "NA"]
[PlyCount "66"]
[EventDate "2020.08.26"]
[EventType "swiss (blitz)"]

1. d4 {[%emt 0:00:03]} Nf6 {[%emt 0:00:02]} 2. c4 {[%emt 0:00:02]} e6 {[%emt 0:00:01]} 3. Nc3 {[%emt 0:00:09]} Bb4 {[%emt 0:00:01]} 4. e3 {[%emt 0:00:03]} Bxc3+ {[%emt 0:00:00]} 5. bxc3 {[%emt 0:00:03]} c5 {[%emt 0:00:00]} 6. Nf3 {[%emt 0:00:20]} d6 {[%emt 0:00:05]} 7. Bd3 {[%emt 0:00:05]} Nc6 {[%emt 0:00:04]} 8. O-O {[%emt 0:00:16]} b6 {[%emt 0:00:06]} 9. Bb2 {[%emt 0:00:39]} Qd7 {[%emt 0:00:12]} 10. e4 {[%emt 0:00:05]} e5 {[%emt 0:00:08]} 11. d5 {[%emt 0:00:20]} Na5 {[%emt 0:00:04]} 12. Nd2 {[%emt 0:00:09]} Ba6 {[%emt 0:00:01]} 13. f4 {[%emt 0:00:05]} O-O {[%emt 0:00:04]} 14. fxe5 {[%emt 0:00:07]} dxe5 {[%emt 0:00:01]} 15. Qf3 {[%emt 0:00:26]} Ne8 {[%emt 0:00:07]} 16. Qg3 {[%emt 0:00:06]} f6 {[%emt 0:00:01]} 17. Bc1 {[%emt 0:00:07]} Nd6 {[%emt 0:00:01]} 18. Nf3 {[%emt 0:00:03]} Bxc4 {[%emt 0:00:05]} 19. Nh4 {[%emt 0:00:13]} Bxd3 {[%emt 0:00:13]} 20. Qxd3 {[%emt 0:00:06]} Qb5 {[%emt 0:00:01]} 21. Qg3 {[%emt 0:00:05]} Nxe4 {[%emt 0:00:09]} 22. Qg4 {[%emt 0:00:09]} Nd6 {[%emt 0:00:07]} 23. Bh6 {[%emt 0:00:06]} Rf7 {[%emt 0:00:01]} 24. Nf5 {[%emt 0:00:06]} Nxf5 {[%emt 0:00:01]} 25. Rxf5 {[%emt 0:00:05]} Qd7 {[%emt 0:00:02]} 26. Raf1 {[%emt 0:00:05]} Raf8 {[%emt 0:00:08]} 27. Bd2 {[%emt 0:00:14]} Qxd5 {[%emt 0:00:15]} 28. Rh5 {[%emt 0:00:08]} Qxd2 {[%emt 0:00:33]} 29. Qh4 {[%emt 0:00:04]} Qe3+ {[%emt 0:00:07]} 30. Kh1 {[%emt 0:00:04]} Qd3 {[%emt 0:00:01]} 31. h3 {[%emt 0:00:05]} Qxf1+ {[%emt 0:00:02]} 32. Kh2 {[%emt 0:00:02]} Qf4+ {[%emt 0:00:01]} 33. Kh1 {[%emt 0:00:02]} Qxh4 {[%emt 0:00:02] Vinter resigns Vinter resigns Vinter resigns} 0-1

[Event "Stay Safe Play From Home 413"]
[Site "Emanuel Lasker Arena"]
[Date "2020.08.26"]
[Round "5"]
[White "Mepe_Nika"]
[Black "Don59as"]
[Result "1-0"]
[WhiteElo "2318"]
[BlackElo "2056"]
[Annotator "NA"]
[PlyCount "93"]
[EventDate "2020.08.26"]
[EventType "swiss (blitz)"]

1. d4 {[%emt 0:00:01]} d5 {[%emt 0:00:02]} 2. Bf4 {[%emt 0:00:02]} e6 {[%emt 0:00:01]} 3. e3 {[%emt 0:00:01]} Nf6 {[%emt 0:00:01]} 4. Nf3 {[%emt 0:00:01]} Ne4 {[%emt 0:00:01]} 5. Bd3 {[%emt 0:00:04]} f5 {[%emt 0:00:01]} 6. O-O {[%emt 0:00:01]} Be7 {[%emt 0:00:04]} 7. c4 {[%emt 0:00:01]} c6 {[%emt 0:00:02]} 8. Nc3 {[%emt 0:00:01]} O-O {[%emt 0:00:01]} 9. Ne5 {[%emt 0:00:11]} Nd7 {[%emt 0:00:02]} 10. f3 {[%emt 0:00:04]} Nxc3 {[%emt 0:00:03]} 11. bxc3 {[%emt 0:00:00]} Nxe5 {[%emt 0:00:01]} 12. Bxe5 {[%emt 0:00:00]} Bd6 {[%emt 0:00:03]} 13. f4 {[%emt 0:00:06]} Bxe5 {[%emt 0:00:01]} 14. fxe5 {[%emt 0:00:01]} Qg5 {[%emt 0:00:02]} 15. Rf3 {[%emt 0:00:03]} Bd7 {[%emt 0:00:15]} 16. Rb1 {[%emt 0:00:04]} b6 {[%emt 0:00:05]} 17. Rg3 {[%emt 0:00:02]} Qh6 {[%emt 0:00:03]} 18. Rh3 {[%emt 0:00:02]} Qg5 {[%emt 0:00:01]} 19. Rg3 {[%emt 0:00:01]} Qh6 {[%emt 0:00:01]} 20. Qf3 {[%emt 0:00:04]} Rf7 {[%emt 0:00:10]} 21. Rf1 {[%emt 0:00:04]} Raf8 {[%emt 0:00:01]} 22. Rh3 {[%emt 0:00:03]} Qg5 {[%emt 0:00:02]} 23. Rh5 {[%emt 0:00:02]} Qe7 {[%emt 0:00:06]} 24. Qf4 {[%emt 0:00:10]} g6 {[%emt 0:00:02]} 25. Rh6 {[%emt 0:00:04]} Rg7 {[%emt 0:00:01]} 26. h4 {[%emt 0:00:33]} Qa3 {[%emt 0:00:06]} 27. h5 {[%emt 0:00:15]} g5 {[%emt 0:00:07]} 28. Qf2 {[%emt 0:00:06]} Qxc3 {[%emt 0:00:04]} 29. Qe2 {[%emt 0:00:00]} f4 {[%emt 0:00:17]} 30. cxd5 {[%emt 0:00:13]} cxd5 {[%emt 0:00:05]} 31. Rf3 {[%emt 0:00:07]} g4 {[%emt 0:00:05]} 32. Rf1 {[%emt 0:00:31]} f3 {[%emt 0:00:05]} 33. Qd1 {[%emt 0:00:02]} Ba4 {[%emt 0:00:57]} 34. Qb1 {[%emt 0:00:19]} f2+ {[%emt 0:00:06]} 35. Rxf2 {[%emt 0:00:07]} Rxf2 {[%emt 0:00:01]} 36. Kxf2 {[%emt 0:00:00]} Qd2+ {[%emt 0:00:06]} 37. Be2 {[%emt 0:00:09]} g3+ {[%emt 0:00:08]} 38. Kf3 {[%emt 0:00:18]} Bc2 {[%emt 0:00:07]} 39. Qb5 {[%emt 0:00:16]} Rf7+ {[%emt 0:00:24]} 40. Rf6 {[%emt 0:00:13]} Rxf6+ {[%emt 0:00:14]} 41. exf6 {[%emt 0:00:01]} Kf7 {[%emt 0:00:05]} 42. Qd7+ {[%emt 0:00:04]} Kxf6 {[%emt 0:00:01]} 43. Qd8+ {[%emt 0:00:02]} Kf7 {[%emt 0:00:04]} 44. Qc7+ {[%emt 0:00:03]} Kf6 {[%emt 0:00:07]} 45. h6 {[%emt 0:00:09]} Be4+ {[%emt 0:00:02]} 46. Kf4 {[%emt 0:00:01]} Qe1 {[%emt 0:00:18]} 47. Qg7# {[%emt 0:00:01] (Lag: Av=0.65s, max=1.4s) (Lag: Av=0.65s, max=1.4s) (Lag: Av=0.65s, max=1.4s)} 1-0